The Characters of TSITP (S1) - Statistics

General Stats
  • This quiz has been taken 370 times
  • The average score is 8 of 16
Answer Stats
Picture Answer % Correct
Isabella "Belly" Conklin
99%
Cameron "Cam"
72%
Conrad Fisher
72%
Jeremiah Fisher
72%
Steven Conklin
72%
Laurel Park (Conklin)
66%
Susannah Fisher
64%
Adam Fisher
62%
Nicole Richardson
55%
John Conklin
45%
Shayla Wang
45%
Taylor Jewel
44%
Gigi Boucheron
33%
Cleveland Castillo
22%
Dara Jones
9%
Marisa Pelzner
7%
No matching quizzes found
Score Distribution
Percent of People with Each Score
Percentile by Number Answered
Your Score History
You have not taken this quiz